The figure of Beatrice ; a study in Dante /

Bibliographic Details
Main Author: Williams, Charles, 1886-1945
Format: Book
Language:English
Published: London : Faber and Faber limited, [1943]
Subjects:

MARC

Tag First Indicator Second Indicator Subfields
LEADER 00000cam a2200000 4500
001 in00000023283
005 20151007064347.0
008 751208s1943 enk 00010 eng c
010 |a a 43003111  
035 |a (OCoLC)01879956 
035 |9 AAD9662AM 
040 |a Harvard Univ. Library  |c FUG  |d OCL  |d TXA  |d UtOrBLW 
049 |a TXAM  |c [197694] 
050 0 |a PQ4410.B3  |b W5 
082 0 |a 851.15 
092 |a 851  |b D192Ywi 
100 1 |a Williams, Charles,  |d 1886-1945. 
245 1 4 |a The figure of Beatrice ;  |b a study in Dante /  |c by Charles Williams. 
264 1 |a London :  |b Faber and Faber limited,  |c [1943] 
300 |a  236p. ;  |c 21cm. 
336 |a text  |b txt  |2 rdacontent 
337 |a unmediated  |b n  |2 rdamedia 
338 |a volume  |b nc  |2 rdacarrier 
500 |a "First published in Mcmxliii." 
505 0 |a Beatrice.--The death of Beatrice.--The Convivio.--The noble life.--The De monarchia and the exile.--The making of the Commedia.--The Inferno.--The Purgatorio.--The re-assertion of Beatrice.--The Paradiso.--The recollection of the way. 
600 0 0 |a Dante Alighieri,  |d 1265-1321  |x Characters  |x Beatrice. 
600 0 0 |a Dante Alighieri,  |d 1265-1321  |x Allegory and symbolism. 
600 0 0 |a Dante Alighieri,  |d 1265-1321  |x Criticism and interpretation. 
999 |a MARS 
999 f f |s f3397079-228c-3c56-9739-346aa4c5dea2  |i 0c250e2f-39d0-3af7-a35f-bb4fa10066f5  |t 0 
952 f f |p normal  |a Texas A&M University  |b College Station  |c Sterling C. Evans Library  |d Evans: Library Stacks  |t 0  |e PQ4410.B3 W5  |h Library of Congress classification  |i unmediated -- volume  |m A14801375829 
998 f f |a PQ4410.B3 W5  |t 0  |l Evans: Library Stacks